| 000 | 00661nam a22001937a 4500 | ||
|---|---|---|---|
| 999 |
_c158749 _d158749 |
||
| 005 | 20181113160526.0 | ||
| 010 | _aENG-124496 | ||
| 020 |
_a9789383723201 _c695.00 |
||
| 035 | _aEN-108028 | ||
| 037 | _bDBAD/PUB | ||
| 082 | _a954.0841 | ||
| 100 | _aDesai, Mahadev | ||
| 245 |
_aThe story of bardoli: _cby Mahadev Desai _bbeing a history of the bardoli satyagraha of 1928 and its sequel/ |
||
| 260 |
_aDelhi _bLG Publishers Distributors _c2017 |
||
| 270 |
_a49, Gali No.14, Pratap Nagar, Mayur Vihar, Phase I, _bDelhi _e110091 |
||
| 300 |
_aviii, 249p. _c21cm(Hb) _bmap |
||
| 500 | _aIt includes index | ||
| 942 |
_2ddc _cEN _h954.0841 _mDES |
||